Jojo's Bizarre Adventure Stone Ocean- Détenus nommés de Green Dolphin - Statistiques

Statistiques générales
  • Ce quiz a été pris 16 fois
  • Le résultat moyen est 9 sur 16
Statistiques - réponses
Détenus nommés de Green Dolphin Street % Correct
Jolyne Cujoh
100%
Weather Forecast
92%
Emporio Alnino
83%
F.F
83%
Ermes Costello
75%
Gwess
67%
Narciso Anasui
67%
Johngalli A.
58%
Kenzou
58%
Guccio
50%
Lang Rangler
42%
Thunder McQueen
42%
D an G
33%
Miraschon
33%
Sports Maxx
33%
Atroe
25%
Aucun quiz correspondant
Distribution des résultats
% des personnes avec chaque résultat
Percentile par nombre de réponses
Votre historique - résultats
Vous n’avez pas pris ce quiz